Devinez la Capitale Mystère #25 - Statistiques

Statistiques générales
  • Ce quiz a été pris 233 fois
  • Le résultat moyen est 29 sur 38
Statistiques - réponses
Type de Réponse Réponse % Correct
Lettre de l'Alphabet I
100%
Lettre Trouvée A
99%
Lettre Trouvée R
98%
Lettre de l'Alphabet S
98%
Lettre de l'Alphabet N
97%
Lettre de l'Alphabet E
96%
Lettre de l'Alphabet O
95%
Lettre de l'Alphabet T
95%
Lettre Trouvée P
94%
Lettre Trouvée L
93%
Lettre de l'Alphabet D
91%
Lettre de l'Alphabet B
90%
Lettre Trouvée U
89%
Lettre Trouvée M
87%
Lettre de l'Alphabet G
85%
Lettre de l'Alphabet H
84%
Lettre de l'Alphabet C
82%
Lettre Trouvée K
81%
Lettre de l'Alphabet W
81%
Lettre Bien Placée U
78%
Lettre de l'Alphabet V
74%
Lettre de l'Alphabet Y
73%
Lettre de l'Alphabet J
69%
Lettre Bien Placée L
67%
Lettre Bien Placée L
66%
Lettre Bien Placée A
64%
Lettre de l'Alphabet X
64%
Lettre Bien Placée A
63%
Lettre de l'Alphabet Z
61%
Lettre Bien Placée K
59%
Lettre de l'Alphabet F
58%
Lettre de l'Alphabet Q
58%
Lettre Bien Placée M
56%
Lettre Bien Placée U
56%
Capitale Mystère Kuala Lumpur
54%
Lettre Bien Placée P
54%
Lettre Bien Placée R
54%
Lettre Bien Placée U
54%
Aucun quiz correspondant
Distribution des résultats
% des personnes avec chaque résultat
Percentile par nombre de réponses
Votre historique - résultats
Vous n’avez pas pris ce quiz